000 02070cam a22004814i 4500
003 PE-LiUPU
005 20250731184535.0
008 170811s2010 pe a rb 000 0 spa d
020 _a9972221709
020 _a9789972221705
035 _a(Sirsi) a238242
040 _aPE-LiUPU
_bspa
_cPE-LiUPU
_erda
049 _aPRUA
082 0 4 _a985.25
_bF59
_222
100 1 _aFlores Zuñiga, Fernando,
_eautor.
245 1 0 _aHaciendas y puebos de Lima, Historias del valle del Rimac /
_cFernando Flores Zuñiga.
264 1 _aLima:
_beditorial del congreso del Perú,
_c2010.
300 _a727 páginas :
_bilustraciones ;
_c23 centimetros.
336 _atext
_2rdacontent
337 _aunmediated
_2rdamedia
338 _avolume
_2rdacarrier
490 0 _aHaciendas y pueblos de Lima
505 0 _aPrimera parte los orígenes -- Capítulos I Armatambo -- Capítulos II. El valle del rimac y la penetración española -- Capítulos III. Las composiciones de tierras y las haciendas en el valle de surco -- Capítulos IV. El río surco -- Capítulos V. Los antiguos asentamientos y su final reducción -- Capítulos VI. Las haciendas -- Capítulos VII. El río ate como canal accesorio al de surco
526 _aP136
526 _aP135
526 _aP134
526 _aP133
526 _aP144
526 _aP143
526 _aP87
526 _aP35
526 _aP20
526 _aP14
526 _aP10
526 _aP06
910 _ajck
_bjvq
_cksl
_d2017087
942 _2ddc
_cBOOK
949 _a985.25 F59
_wDEWEY
_c1
_i76719
_lCATALOGING
_mBUL
_p19.00
_r0
_sY
_tBOOK
_u2017-08-11
_xINGENIERIA
_PP06
_0COMPRA
_o.CIRCNOTE. El documento es de alto precio.
_o.STAFF. Colección Ingeniería y Arquitectura
994 _aC0
_bPEPRU
596 _a1
999 _a985.25 F59
_wLC
_c24944
_i76719
_d24944
_f2021-11-8
_g4
_lCCODEBUL1
_mBUL
_p19.00
_q5
_r0
_sY
_tBOOK
_u2017-8-11
_xBIBLIOTECA
_PP06
_0COMPRA
_o.STAFF. Colección Ingeniería y Arquitectura
980 _81
_gALBERTO SANCHEZ Responsable de Automatización